000 00322nam a2200133 i 4500
001 bg
100 1 _aMADEY, Marek
245 0 _aProblemy jakości w ogólnych warunkach umów /
_cMarek Madey.
260 _aWarszawa,
_c1980.
040 _cBPK
041 _apol
942 _cKS
008 s pl f |000 0 pol
999 _c19176
_d19176
856 _uhttp://koha.tu.koszalin.pl/cgi-bin/koha/opac-detail.pl?biblionumber=19176
_yKatalog online BPK